Bilecik Bilecik Bilecik Bilecik Bilecik

370 numaralı muhâsebe-i vilâyet-i Rûm-ili defteri, 937/1530 : (Record no. 19675)

MARC details
000 -BAŞLIK
Sabit Uzunluktaki Kontrol Alanı 02444nam a22004817a 4500
001 - KONTROL NUMARASI
Control Dosyası 0019718
003 - KONTROL NUMARASI KİMLİĞİ
Kontrol Alanı KOHA_MİRAKIL
005 - EN SON İŞLEM TARİHİ ve ZAMANI
Kontrol Alanı 20260207002242.0
007 - FİZİKSEL TANIM SABİT ALAN - GENEL BİLGİ
Sabit uzunluklu kontrol alanı ta
008 - SABİT UZUNLUKTAKİ VERİ ÖGELERİ - GENEL BİLGİ
Sabit Alan 100714b2001 tu |||gr||||#||||0|tur |
020 ## - ISBN - ULUSLARARASI STANDART KİTAP NUMARASI
Isbn 9751930286
020 ## - ISBN - ULUSLARARASI STANDART KİTAP NUMARASI
Isbn 9751930294
Nitelik bilgileri (c. 1)
020 ## - ISBN - ULUSLARARASI STANDART KİTAP NUMARASI
Isbn 9751932920
Nitelik bilgileri (c. 2)
Kullanılabilirlik koşulları 0,01
040 ## - KATALOGLAMA KAYNAĞI
Özgün Kataloglama Kurumu TR-BiSEU
Kataloglama Dili tur
Çeviri Kurumu TR-BiSEU
Açıklama Kuralları rda
041 0# - DİL KODU
Metin ya da ses kaydının dil kodu tur
044 ## - YAYINLAYAN/ÜRETEN KURULUŞUN ÜLKE KODU
ISO country code tu
050 ## - SINIFLAMA ve YER NUMARASI
Sınıflama Numarası HD848.Z9
Yer Numarası U2 2001
245 0# - ESER ADI BİLDİRİMİ
Başlık 370 numaralı muhâsebe-i vilâyet-i Rûm-ili defteri, 937/1530 :
Alt Eseradı vb. dizin ve tıpkıbasım/
Sorumluluk Bildirimi [proje yöneticisi Yusuf Sarınay]..
264 #1 - ÜRERİM, YAYIN, DAĞITIM ve TELİF BİLDİRİMİ
Yayın yeri Ankara :
Yayınlayan T.C. Başbakanlık Devlet Arşivleri Genel Müdürlüğü, Osmanlı Arşivi Daire Başkanlığı
Yayın tarihi 2001
300 ## - FİZİKSEL TANIMLAMA
Sayfa, Cilt vb. c. <1-2>: harita; 34 cm.
336 ## - İÇERİK TÜRÜ
Content type term metin
Content type code txt
Source rdacontent
337 ## - MEDYA TÜRÜ
Media type term aracısız
Media type code n
Source rdamedia
338 ## - TAŞIYICI TÜRÜ
Carrier type term cilt
Carrier type code nc
Source rdacarrier
490 1# - DİZİ BİLDİRİMİ
Dizi Bildirimi Defter-i hâkâni dizisi ;
Cilt Numarası 7 T.C.
490 1# - DİZİ BİLDİRİMİ
Dizi Bildirimi Başbakanlık Devlet Arşivleri Genel Müdürlüğü,Osmanlı Arşivi Daire Başkanlığı yayın ;
Cilt Numarası nu.
490 1# - DİZİ BİLDİRİMİ
Dizi Bildirimi 55, 59
500 ## - GENEL NOT
Genel Not Facsim. of mss. in Ottoman Turkish, with introductory material in Turkish.
500 ## - GENEL NOT
Genel Not Includes indexes.
500 ## - GENEL NOT
Genel Not 1. Paşa (Sofya) ve Vize Livâları ile Sağkol Kazâları (Edirne, Dimetoka, Ferecik, Keşan, Kızıl-ağaç, Zağra-i Eski-hisâr, İpsala, Filibe, Tatar-bâzârı, Samakov, Üsküb, Kalkan-delen, Kırçova, Manastır, Pirlepe ve Köprülü) -- 2. Çirmen, Müsellemân-ı Çingâne, Müsellemân-ı Kızılca, Silistre, Kefe, Niğbolu, ve Vidin Livâları, Çirmen ve Vize Müsellemleri, Yörük ve Tatar Cemâatleri ile Voynugân-ı Istabl-ı Âmire ve Kıbtiyân-ı Vilâyet-i Rûm-ili.
500 ## - GENEL NOT
Genel Not
500 ## - GENEL NOT
Genel Not "Donated by stanford J. Shaw and Ezel Kural Shaw."
505 ## - İÇİNDEKİLER NOTU
İçindekiler Notu Turkey; history; Süleyman I, 1520-1566; cadastres; Rumelia. Sources.
650 #0 - KONU BAŞLIĞI EK GİRİŞ - KONU TERİMİ
Konusal terim veya coğrafi ad Turkey--History, Süleyman I, 1520-1566--Sources.
9 (RLIN) 43961
650 #0 - KONU BAŞLIĞI EK GİRİŞ - KONU TERİMİ
Konusal terim veya coğrafi ad Turkey--Economic conditions--Sources.
9 (RLIN) 43968
650 #0 - KONU BAŞLIĞI EK GİRİŞ - KONU TERİMİ
Konusal terim veya coğrafi ad Cadastres--Rumelia.
9 (RLIN) 39478
650 #0 - KONU BAŞLIĞI EK GİRİŞ - KONU TERİMİ
Konusal terim veya coğrafi ad Manuscripts, Turkish--Rumelia--Facsimiles.
9 (RLIN) 43966
650 #0 - KONU BAŞLIĞI EK GİRİŞ - KONU TERİMİ
Konusal terim veya coğrafi ad Rumelia--History--Sources.
9 (RLIN) 43971
650 #0 - KONU BAŞLIĞI EK GİRİŞ - KONU TERİMİ
Konusal terim veya coğrafi ad Rumelia--Economic conditions--Sources.
9 (RLIN) 43969
830 1# - SERİ EK GİRİŞİ - TEKBİÇİM ESER ADI
Tekbiçim Başlık Defter-i hâkâni dizisi ;
Volume number/sequential designation 7 T.C.
9 (RLIN) 17125
830 1# - SERİ EK GİRİŞİ - TEKBİÇİM ESER ADI
Tekbiçim Başlık Başbakanlık Devlet Arşivleri Genel Müdürlüğü,Osmanlı Arşivi Daire Başkanlığı yayın ;
Volume number/sequential designation nu.
9 (RLIN) 43972
830 1# - SERİ EK GİRİŞİ - TEKBİÇİM ESER ADI
Tekbiçim Başlık 55, 59
9 (RLIN) 43973
942 ## - EK GİRİŞ ÖGELERİ (KOHA)
Source of classification or shelving scheme Library of Congress Classification
Koha item type Book
Holdings
Materyal Türü Kalıcı Konum Mevcut Konum Raf Yeri Sınıflandırma Kaynağı Edinim Bilgisi Ana Konular Alt Konular Yer Numarası Cilt Bilgisi Demirbaş Numarası Fatura Tarihi Geri Çekilme Durumu Kayıp Durumu Hasarlı Durumu Kredi için değil Kayıt Tarih Toplam Ödünçverme Son Görülme Tarihi Son Kontrol Tarihi Genel / Bağış Notu
Book Prof. Dr. Azmi Özcan Kütüphanesi Prof. Dr. Azmi Özcan Kütüphanesi Uluğbey Salonu Library of Congress Classification Bağış SOSYAL BİLİMLER Endüstriler, Arazi Kullanımı, İşgücü HD848.Z9 U2 2001 c.1 0019718 13/08/2010         14/07/2010   05/12/2024 05/12/2024 Genel Bağış
Book Prof. Dr. Azmi Özcan Kütüphanesi Prof. Dr. Azmi Özcan Kütüphanesi Uluğbey Salonu Library of Congress Classification Bağış SOSYAL BİLİMLER Endüstriler, Arazi Kullanımı, İşgücü HD848.Z9 U2 2002 c.2 0019719 13/08/2010         14/07/2010   05/12/2024 05/12/2024 Genel Bağış